[Event "39th World U20 ch"]
[Site "Yerevan ARM"]
[Date "2000.09.29"]
[Round "10.20"]
[White "Kruger, Peter Helentus"]
[Black "Fedorchuk, Sergei"]
[Result "0-1"]
[WhiteElo "2085"]
[BlackElo "2408"]
[EventDate "2000.09.18"]
[PlyCount "72"]

1.e4 c5 2.Nc3 Nc6 3.g3 g6 4.Bg2 Bg7 5.d3 e6 6.Be3 d6 7.h4 Nf6 8.Qc1 h5 9.
Nh3 Ng4 10.Bd2 Nd4 11.f3 Ne5 12.O-O b5 13.Rf2 Bb7 14.Ne2 Rc8 15.Nxd4 cxd4 
16.Qd1 d5 17.Ng5 O-O 18.Bh3 Qb6 19.Bb4 Rfe8 20.f4 Nc6 21.Bd2 dxe4 22.dxe4 
d3 23.c3 Na5 24.Qf1 Nc4 25.Kh2 f6 26.Nxe6 Rxe6 27.Bxe6+ Qxe6 28.Qxd3 Bxe4 
29.Qd4 f5 30.Qxa7 Bf8 31.b4 Rd8 32.Be3 Rd7 33.Qd4 Rxd4 34.Bxd4 Bg7 35.Rd1 
Bf3 36.Rd3 Be2 0-1

[Event "39th World U20 ch"]
[Site "Yerevan ARM"]
[Date "2000.09.29"]
[Round "10.21"]
[White "Pridorozhny, Alexei"]
[Black "Senff, Martin"]
[Result "0-1"]
[WhiteElo "2396"]
[BlackElo "2354"]
[EventDate "2000.09.18"]
[PlyCount "84"]

1.e4 c5 2.Nf3 d6 3.d4 cxd4 4.Nxd4 Nf6 5.Nc3 a6 6.Rg1 h6 7.g4 g5 8.Be2 Nbd7
9.Be3 Ne5 10.h4 Rg8 11.hxg5 hxg5 12.f3 e6 13.Qd2 Nfd7 14.a4 Be7 15.Rh1 Ng6
16.a5 Nf4 17.Bf1 Bf6 18.Kf2 Be5 19.Nce2 Qf6 20.Rd1 Nf8 21.Bxf4 gxf4 22.Qb4
Ng6 23.c3 Kf8 24.Nb3 Kg7 25.Nbc1 Bd7 26.Nd3 Bb5 27.Nxe5 dxe5 28.c4 Rh8 29.
Bg2 Bc6 30.Nc3 Rad8 31.Rxh8 Rxh8 32.Qc5 Rh2 33.Kf1 Nh4 34.Rd2 Nxf3 35.Rf2 
Nd4 36.Kg1 Rh4 37.Bf3 Rh3 38.Bg2 Rg3 39.Kh2 Rxg4 40.Bh3 Rg3 41.Bg2 Qg5 42.
Qd6 Nf3+ 0-1

[Event "39th World U20 ch"]
[Site "Yerevan ARM"]
[Date "2000.09.29"]
[Round "10.22"]
[White "Skytte, Rasmus"]
[Black "Felgaer, Ruben"]
[Result "1-0"]
[WhiteElo "2323"]
[BlackElo "2390"]
[EventDate "2000.09.18"]
[PlyCount "28"]

1.e4 c5 2.Nc3 g6 3.d4 Bg7 4.dxc5 Qa5 5.Bd2 Qxc5 6.Nd5 Na6 7.Nf3 e6 8.Bc3 
Bxc3+ 9.Nxc3 Nf6 10.Qd2 d6 11.O-O-O Ke7 12.Bxa6 bxa6 13.e5 Nd7 14.Ne4 Qc4 
1-0

[Event "39th World U20 ch"]
[Site "Yerevan ARM"]
[Date "2000.09.29"]
[Round "10.23"]
[White "Haznedaroglu, Kivanc"]
[Black "Saric, Ibro"]
[Result "1-0"]
[WhiteElo "2249"]
[BlackElo "2345"]
[EventDate "2000.09.18"]
[PlyCount "67"]

1.e4 c5 2.Nf3 d6 3.d4 cxd4 4.Qxd4 a6 5.c4 Nc6 6.Qd2 Nf6 7.Nc3 g6 8.Be2 Bg7
9.O-O O-O 10.Rb1 Nd7 11.a3 Nc5 12.b4 Ne6 13.Bb2 Ned4 14.Nxd4 Nxd4 15.Nd5 
e5 16.Ne3 Qh4 17.f3 Qg5 18.Qd3 h5 19.Bc1 Qh4 20.g3 Qd8 21.Nc2 Bh3 22.Rf2 
f5 23.Nxd4 exd4 24.Bb2 f4 25.gxf4 Rxf4 26.Bxd4 Qg5+ 27.Kh1 Qh4 28.Rg1 Kh7 
29.Rg3 Bh6 30.Be3 Re8 31.Qxd6 Re6 32.Qd7+ Kg8 33.Rxh3 Qxh3 34.Bf1 1-0

[Event "39th World U20 ch"]
[Site "Yerevan ARM"]
[Date "2000.09.29"]
[Round "10.24"]
[White "Kabanov, Nikolai"]
[Black "Wegener, Olaf"]
[Result "1-0"]
[WhiteElo "2385"]
[BlackElo "2336"]
[EventDate "2000.09.18"]
[PlyCount "47"]

1.e4 c5 2.c4 Nc6 3.Nc3 g6 4.g3 Bg7 5.Bg2 a6 6.a4 e6 7.Nge2 Nge7 8.O-O O-O 
9.Rb1 b6 10.d3 Bb7 11.Be3 Rc8 12.Qd2 Nb4 13.a5 bxa5 14.Na4 d6 15.b3 f5 16.
Nf4 Rf6 17.e5 dxe5 18.Bxb7 Rc7 19.Bg2 exf4 20.Bxf4 Ra7 21.Nxc5 Qc8 22.d4 
Rf8 23.Rfe1 e5 24.Bxe5 1-0

[Event "39th World U20 ch"]
[Site "Yerevan ARM"]
[Date "2000.09.29"]
[Round "10.26"]
[White "Gagunashvili, Merab"]
[Black "Al-Sayed, Mohamad Naser"]
[Result "1-0"]
[WhiteElo "2321"]
[BlackElo "2370"]
[EventDate "2000.09.18"]
[PlyCount "91"]

1.d4 Nf6 2.c4 g6 3.Nf3 Bg7 4.g3 O-O 5.Bg2 d6 6.Nc3 Nc6 7.O-O a6 8.h3 Rb8 
9.Be3 Bd7 10.Rc1 e6 11.Qd2 Ne7 12.Bh6 b5 13.Bxg7 Kxg7 14.b3 b4 15.Nb1 Bc6 
16.Qb2 Bxf3 17.Bxf3 d5 18.cxd5 exd5 19.Nd2 h5 20.h4 Qd6 21.e4 dxe4 22.Nxe4
Nxe4 23.Bxe4 f5 24.Bh1 f4 25.d5+ Kg8 26.Qc2 Rbc8 27.Qd3 c6 28.Rcd1 Rcd8 
29.Rfe1 Nxd5 30.Be4 Rf6 31.Re2 Kg7 32.Red2 fxg3 33.fxg3 Qc5+ 34.Kh2 a5 35.
Qc4 Qe3 36.Bg2 Nb6 37.Qc1 Rxd2 38.Rxd2 Nd5 39.Qc2 Nc3 40.Rd3 Rf2 41.Qxc3+ 
bxc3 42.Rxe3 c2 43.Rc3 Kf6 44.Rxc6+ Ke5 45.Rc4 Rd2 46.a3 1-0

[Event "39th World U20 ch"]
[Site "Yerevan ARM"]
[Date "2000.09.29"]
[Round "10.27"]
[White "Jirka, Jiri"]
[Black "Ginzburg, Mikhail"]
[Result "1/2-1/2"]
[WhiteElo "2302"]
[BlackElo "2276"]
[EventDate "2000.09.18"]
[PlyCount "89"]

1.d4 d5 2.Nf3 Nf6 3.g3 c5 4.Bg2 Nc6 5.O-O e6 6.c4 dxc4 7.dxc5 Qxd1 8.Rxd1 
Bxc5 9.Nbd2 c3 10.bxc3 O-O 11.Nb3 Bb6 12.Nfd4 Nxd4 13.cxd4 Nd5 14.Ba3 Rd8 
15.Rac1 Bd7 16.e4 Nf6 17.d5 Rac8 18.Nc5 exd5 19.exd5 Bg4 20.Rd2 Ba5 21.Rd4
b6 22.Nb3 Rxc1+ 23.Bxc1 Bc3 24.Rd3 Be5 25.Nd4 Bd7 26.Ba3 Re8 27.Nf3 Bb8 
28.h3 a5 29.Nd4 b5 30.Nc6 b4 31.Nxb8 Rxb8 32.Bb2 Rc8 33.Rd2 h6 34.Bd4 a4 
35.Rb2 Rc4 36.Be3 a3 37.Rd2 Rc1+ 38.Kh2 Rb1 39.Bd4 Ba4 40.d6 Bd7 41.g4 Re1
42.Rc2 Rd1 43.Bc5 Rb1 44.Bd4 Rd1 45.Bc5 1/2-1/2

[Event "39th World U20 ch"]
[Site "Yerevan ARM"]
[Date "2000.09.29"]
[Round "10.28"]
[White "Gombac, Jan"]
[Black "Varela, Gaston"]
[Result "0-1"]
[WhiteElo "2215"]
[BlackElo "2249"]
[EventDate "2000.09.18"]
[PlyCount "98"]

1.e4 c5 2.Nf3 e6 3.d4 cxd4 4.Nxd4 a6 5.Bd3 Bc5 6.Nb3 Ba7 7.O-O Nc6 8.Qg4 
Qf6 9.Nc3 Nge7 10.Bg5 Qg6 11.Qh4 f6 12.Bd2 Qf7 13.Kh1 b5 14.f4 Bb7 15.a4 
b4 16.Na2 a5 17.c3 e5 18.Bc2 Ba6 19.Rf3 Ng6 20.Qe1 bxc3 21.Nxc3 Nb4 22.Nb5
Nxc2 23.Nd6+ Kf8 24.Nxf7 Nxe1 25.Nxh8 Nxf3 26.Nxg6+ hxg6 27.gxf3 Rb8 28.
Ra3 Be2 29.Kg2 Bd1 30.Nxa5 Rxb2 31.Nc4 Rc2 32.Rc3 Ra2 33.fxe5 Be2 34.Nd6 
Ba6 35.Rc7 Rxd2+ 36.Kh3 fxe5 37.Rxa7 Rxd6 38.Kg3 Ke7 39.f4 exf4+ 40.Kxf4 
Rf6+ 41.Ke5 Re6+ 42.Kd5 Bd3 43.e5 Ra6 44.Rxa6 Bxa6 45.Kc5 Ke6 46.Kb6 Bf1 
47.Kc7 g5 48.Kd8 g4 49.Ke8 g5 0-1

[Event "39th World U20 ch"]
[Site "Yerevan ARM"]
[Date "2000.09.30"]
[Round "11.1"]
[White "Sasikiran, Krishnan"]
[Black "Bruzon Batista, Lazaro"]
[Result "0-1"]
[WhiteElo "2573"]
[BlackElo "2534"]
[EventDate "2000.09.18"]
[PlyCount "101"]

1.d4 d5 2.c4 e6 3.Nc3 Be7 4.Nf3 Nf6 5.Bg5 O-O 6.e3 h6 7.Bh4 b6 8.cxd5 Nxd5
9.Bxe7 Qxe7 10.Nxd5 exd5 11.Rc1 Be6 12.Bd3 c5 13.dxc5 bxc5 14.O-O Nd7 15.
e4 d4 16.Nd2 Ne5 17.Bb1 c4 18.h3 g5 19.b3 cxb3 20.axb3 Rac8 21.Qe2 Rc3 22.
Qb5 Qc7 23.Rcd1 d3 24.Qb4 Rb8 25.Qd4 Qc5 26.Qxc5 Rxc5 27.Rc1 Rbc8 28.Rxc5 
Rxc5 29.Re1 Rc3 30.g3 Bxb3 31.f4 Nc4 32.Nxb3 Rxb3 33.Ba2 d2 34.Rd1 Rxg3+ 
35.Kf2 Ne3 36.Rxd2 gxf4 37.Rd8+ Kg7 38.Bd5 Rxh3 39.Rd7 Ng4+ 40.Kg2 Rg3+ 
41.Kf1 f3 42.Rxa7 Ne5 43.Be6 Kf6 44.Bd5 h5 45.Ra8 Kg5 46.Rf8 f6 47.Be6 Ng4
48.Rh8 Nh2+ 49.Kf2 Kf4 50.Rxh5 Rg2+ 51.Ke1 0-1

[Event "39th World U20 ch"]
[Site "Yerevan ARM"]
[Date "2000.09.30"]
[Round "11.2"]
[White "Miton, Kamil"]
[Black "Asrian, Karen"]
[Result "1/2-1/2"]
[WhiteElo "2443"]
[BlackElo "2566"]
[EventDate "2000.09.18"]
[PlyCount "101"]

1.d4 d5 2.c4 e6 3.Nf3 Nf6 4.g3 Be7 5.Bg2 O-O 6.O-O dxc4 7.Nc3 Nc6 8.e3 Bd6
9.Qa4 e5 10.Qxc4 exd4 11.exd4 Nb4 12.a3 Be6 13.Qe2 Nbd5 14.Ng5 Bg4 15.Qc2 
Nxc3 16.bxc3 h6 17.Nf3 Qc8 18.c4 c6 19.Bb2 Qf5 20.Qxf5 Bxf5 21.d5 cxd5 22.
Bxf6 gxf6 23.Rfd1 Be4 24.cxd5 Bxf3 25.Bxf3 Rac8 26.a4 Rc3 27.Bg4 Re8 28.
Rac1 Rxc1 29.Rxc1 Re4 30.Bd7 Rd4 31.Rb1 Bb4 32.Rb2 Rxd5 33.Bc8 Rd4 34.Bxb7
Ba3 35.Ra2 Rxa4 36.Bd5 Ra5 37.Bc4 Kg7 38.Kg2 f5 39.f4 Kf6 40.Kf3 Bb4 41.
Rxa5 Bxa5 42.Ba6 Bb6 43.h3 Ba5 44.Bc8 Bb4 45.Ba6 Be1 46.Kg2 Ke6 47.Bc4+ 
Ke7 48.Ba6 Kd6 49.Bd3 a5 50.Bxf5 Kc5 51.Bd7 1/2-1/2

[Event "39th World U20 ch"]
[Site "Yerevan ARM"]
[Date "2000.09.30"]
[Round "11.3"]
[White "Yakovenko, Dmitry"]
[Black "Solak, Dragan"]
[Result "0-1"]
[WhiteElo "2506"]
[BlackElo "2490"]
[EventDate "2000.09.18"]
[PlyCount "84"]

1.e4 c5 2.Nf3 d6 3.d4 cxd4 4.Nxd4 Nf6 5.Nc3 Bd7 6.g3 e5 7.Nb3 Bc6 8.Bg2 
Be7 9.O-O O-O 10.Qe2 Nbd7 11.a4 b6 12.Rd1 a6 13.Be3 Bb7 14.f4 Rc8 15.f5 
Re8 16.g4 h6 17.g5 hxg5 18.Bxg5 Qc7 19.Be3 d5 20.exd5 e4 21.Kh1 Bb4 22.Bd4
Bxc3 23.bxc3 Nxd5 24.Qg4 f6 25.Rf1 Nxc3 26.Rae1 Ne5 27.Qg3 Qc4 28.Bxb6 Ba8
29.Nd2 Qxa4 30.Rf4 Qb5 31.Bg1 Ne2 32.Rxe2 Qxe2 33.Nxe4 Bxe4 34.Bxe4 Red8 
35.Bb7 Qxc2 36.Rf2 Qc4 37.Bxc8 Rxc8 38.Rg2 Rc7 39.Qf2 Qe4 40.Qe2 Qc6 41.
Qa2+ Kh7 42.Qe6 Qf3 0-1

[Event "39th World U20 ch"]
[Site "Yerevan ARM"]
[Date "2000.09.30"]
[Round "11.4"]
[White "Jobava, Baadur"]
[Black "Acs, Peter"]
[Result "0-1"]
[WhiteElo "2480"]
[BlackElo "2497"]
[EventDate "2000.09.18"]
[PlyCount "114"]

1.d4 Nf6 2.c4 e6 3.Nf3 d5 4.Nc3 c6 5.Bg5 Nbd7 6.e3 Qa5 7.Nd2 Bb4 8.Qc2 O-O
9.Nb3 Bxc3+ 10.bxc3 Qa3 11.Nd2 h6 12.Bf4 b6 13.Be2 Qe7 14.O-O Ba6 15.Rae1 
e5 16.Bg3 Rfe8 17.h3 Rac8 18.cxd5 Bxe2 19.d6 Qxd6 20.Rxe2 Qe6 21.dxe5 Nxe5
22.f4 Ned7 23.e4 g6 24.Rfe1 Nc5 25.Bf2 Nfd7 26.Nf3 Qc4 27.Rd1 Nf6 28.Rd4 
Qa6 29.e5 Nd5 30.c4 Ne7 31.g4 Ne6 32.Rde4 Rcd8 33.Be3 Qa3 34.Rf2 Qd3 35.
Ne1 Qd1 36.Rf1 Nf5 37.Bf2 Qxc2 38.Nxc2 Rd2 39.Rc1 Ne7 40.Be3 Rd3 41.Rf1 
Nf5 42.Bf2 Ng3 43.Bxg3 Rxg3+ 44.Kh2 Rc3 45.Rf2 g5 46.f5 Nf4 47.Ne3 Nd3 48.
Rc2 Rxc2+ 49.Nxc2 Rxe5 50.Rxe5 Nxe5 51.Ne3 f6 52.Kg3 Kf7 53.Kf2 Ke7 54.Ke2
Kd6 55.Kd2 Nf3+ 56.Kd3 Ng1 57.Kd4 Nxh3 0-1

[Event "39th World U20 ch"]
[Site "Yerevan ARM"]
[Date "2000.09.30"]
[Round "11.6"]
[White "Gershon, Alik"]
[Black "Svetuschin, Dumitru"]
[Result "1-0"]
[WhiteElo "2502"]
[BlackElo "2472"]
[EventDate "2000.09.18"]
[PlyCount "49"]

1.d4 d5 2.c4 dxc4 3.e3 e6 4.Nf3 Nf6 5.Bxc4 c5 6.O-O a6 7.Bb3 b5 8.a4 b4 9.
Nbd2 Bb7 10.e4 cxd4 11.e5 Nfd7 12.Nc4 Nc5 13.Bg5 f6 14.exf6 gxf6 15.Nxd4 
Qd5 16.Nd6+ Qxd6 17.Qh5+ Kd7 18.Bxf6 Nxb3 19.Nxb3 Rg8 20.Qf7+ Be7 21.Qxg8 
Bxf6 22.Rfd1 Bd5 23.Rac1 Bd8 24.Qf7+ Be7 25.Nc5+ 1-0

[Event "39th World U20 ch"]
[Site "Yerevan ARM"]
[Date "2000.09.30"]
[Round "11.7"]
[White "Harikrishna, Pentala"]
[Black "Izoria, Zviad"]
[Result "1-0"]
[WhiteElo "2500"]
[BlackElo "2450"]
[EventDate "2000.09.18"]
[PlyCount "59"]

1.d4 Nf6 2.c4 e6 3.Nf3 b6 4.e3 Bb7 5.Bd3 d5 6.O-O dxc4 7.Bxc4 a6 8.Bd3 c5 
9.Qe2 cxd4 10.exd4 Be7 11.Nc3 Nc6 12.Bg5 Nxd4 13.Nxd4 Qxd4 14.Be3 Qh4 15.
Bxb6 O-O 16.Bc7 Qg5 17.Bg3 Nh5 18.Be4 Nxg3 19.hxg3 Bxe4 20.Qxe4 Rab8 21.b3
Rfc8 22.Ne2 Bf6 23.Rad1 Qa5 24.Qb1 g6 25.Nf4 Rc7 26.Qe4 Qxa2 27.Nxe6 fxe6 
28.Qf4 Rbc8 29.Qxf6 Qxb3 30.Rd8+ 1-0

[Event "39th World U20 ch"]
[Site "Yerevan ARM"]
[Date "2000.09.30"]
[Round "11.8"]
[White "Simutowe, Amon"]
[Black "Ganguly, Surya Shekhar"]
[Result "1-0"]
[WhiteElo "2322"]
[BlackElo "2498"]
[EventDate "2000.09.18"]
[PlyCount "77"]

1.d4 Nf6 2.c4 g6 3.g3 Bg7 4.Bg2 d5 5.cxd5 Nxd5 6.e4 Nb6 7.Ne2 Nc6 8.d5 Na5
9.Nbc3 e6 10.O-O exd5 11.exd5 Nac4 12.a4 Nd6 13.h3 O-O 14.b3 Re8 15.Ba3 
Nd7 16.Rc1 h5 17.Nd4 a6 18.Qd2 Nf6 19.Rfd1 Kh7 20.Qd3 Nf5 21.Qc4 Nd6 22.
Qd3 Nf5 23.Qc4 Bh6 24.d6 Nxd6 25.Bxd6 cxd6 26.Qxf7+ Bg7 27.Nf3 Ng8 28.Ng5+
Qxg5 29.Qxe8 h4 30.Ne4 Qh5 31.Rd3 d5 32.g4 Qh6 33.g5 Qh5 34.Bf3 Bxh3 35.
Qxa8 Bg4 36.Qxb7 h3 37.Kh2 Bxf3 38.Rc7 Kh8 39.Rxg7 1-0

[Event "39th World U20 ch"]
[Site "Yerevan ARM"]
[Date "2000.09.30"]
[Round "11.9"]
[White "Bunzmann, Dimitrij"]
[Black "Berg, Emanuel"]
[Result "1-0"]
[WhiteElo "2484"]
[BlackElo "2456"]
[EventDate "2000.09.18"]
[PlyCount "121"]

1.d4 e6 2.c4 Nf6 3.Nc3 Bb4 4.Nf3 b6 5.Bg5 Bb7 6.Qb3 a5 7.a3 a4 8.Qc2 Bxc3+
9.bxc3 d6 10.Nd2 h6 11.Bh4 g5 12.Bg3 Nh5 13.f3 Nxg3 14.hxg3 Nd7 15.g4 c5 
16.e3 Qc7 17.Bd3 Nf6 18.Kf2 Kf8 19.Rab1 Bc6 20.Nf1 Bd7 21.Ng3 Rc8 22.Qd2 
Kg7 23.d5 b5 24.cxb5 c4 25.Be4 Qc5 26.b6 Rb8 27.Qd4 Qxd4 28.exd4 exd5 29.
Bc2 Rb7 30.Rb4 Ra8 31.Rhb1 Kf8 32.Nf5 Bxf5 33.gxf5 Ra6 34.Bxa4 Rb8 35.Bc6 
Rxa3 36.Ra4 Rxa4 37.Bxa4 Ke7 38.Bc6 Kd8 39.g4 Nd7 40.b7 Nf6 41.Ra1 Kc7 42.
Ra8 h5 43.gxh5 Nxh5 44.Bxd5 Nf6 45.Bxc4 Kxb7 46.Rxb8+ Kxb8 47.Bxf7 d5 48.
f4 g4 49.Kg3 Kc7 50.Kh4 Kc6 51.c4 dxc4 52.Bxc4 Kd6 53.Bf1 Nd5 54.Be2 Nxf4 
55.Bxg4 Ke7 56.Kg5 Nd5 57.Bf3 Nf6 58.Kg6 Nd7 59.Bc6 Nf6 60.d5 Ng4 61.Kg7 
1-0

[Event "39th World U20 ch"]
[Site "Yerevan ARM"]
[Date "2000.09.30"]
[Round "11.10"]
[White "Malakhov, Vladimir"]
[Black "Kallio, Heikki"]
[Result "1-0"]
[WhiteElo "2605"]
[BlackElo "2451"]
[EventDate "2000.09.18"]
[PlyCount "81"]

1.e4 d6 2.d4 Nf6 3.Nc3 g6 4.g3 Bg7 5.Bg2 O-O 6.Nge2 c6 7.O-O Qc7 8.a4 e5 
9.h3 exd4 10.Nxd4 Nbd7 11.Bf4 Ne5 12.b3 b6 13.Re1 a6 14.Qd2 Re8 15.g4 Bb7 
16.Nde2 h5 17.g5 Nh7 18.Rad1 Rad8 19.Be3 Bf8 20.f4 Nd7 21.h4 b5 22.Ng3 b4 
23.Nce2 d5 24.exd5 cxd5 25.Nd4 Bd6 26.Qf2 Re7 27.Bc1 Rde8 28.Rxe7 Rxe7 29.
Kh1 f6 30.Nge2 fxg5 31.hxg5 Nc5 32.Rf1 Ne4 33.Qf3 Rf7 34.Qe3 Qe7 35.Bh3 
Nhxg5 36.fxg5 Qe5 37.Rf4 Nxg5 38.Qxe5 Bxe5 39.Rxf7 Nxf7 40.Be3 Kg7 41.Nf4 
1-0

[Event "39th World U20 ch"]
[Site "Yerevan ARM"]
[Date "2000.09.30"]
[Round "11.11"]
[White "De Vreugt, Dennis"]
[Black "Mahjoob, Morteza"]
[Result "1-0"]
[WhiteElo "2511"]
[BlackElo "2337"]
[EventDate "2000.09.18"]
[PlyCount "131"]

1.e4 c5 2.Nf3 e6 3.d4 cxd4 4.Nxd4 a6 5.Bd3 Nf6 6.Qe2 d6 7.O-O g6 8.c4 Bg7 
9.Nc3 O-O 10.Rd1 Qc7 11.Nf3 Nbd7 12.Bf4 Nh5 13.Bg5 h6 14.Be3 Nhf6 15.Qd2 
Kh7 16.Rac1 b6 17.Bb1 Ne8 18.b3 Bb7 19.h4 Rc8 20.h5 Ndf6 21.hxg6+ fxg6 22.
Nh4 Ng4 23.e5 Nxe5 24.f4 Bf6 25.Qe1 Bxh4 26.Qxh4 Nc6 27.f5 gxf5 28.Qxh6+ 
Kg8 29.Qxe6+ Rf7 30.Nd5 Qd8 31.Bxb6 Qg5 32.Be3 Qg4 33.Rf1 Nd4 34.Bxd4 
Qxd4+ 35.Qe3 Qxe3+ 36.Nxe3 Ng7 37.Nxf5 Nxf5 38.Bxf5 Re8 39.Rf2 Re5 40.Bg4 
Rg7 41.Bf3 Bxf3 42.Rxf3 a5 43.Rd1 Rg6 44.Rd2 Re1+ 45.Kf2 Rb1 46.Rg3 Rxg3 
47.Kxg3 Kf7 48.Kf4 Ke6 49.Ke4 a4 50.bxa4 Rb4 51.Kd3 Rxa4 52.Kc3 Ra5 53.Kb4
Rg5 54.a4 Kd7 55.a5 Kc7 56.a6 Rg6 57.Ra2 Kb8 58.Kb5 Ka7 59.Kc6 Rf6 60.c5 
dxc5+ 61.Kxc5 Re6 62.Kd5 Re1 63.g4 Re8 64.g5 Rg8 65.Rg2 Kxa6 66.g6 1-0

[Event "39th World U20 ch"]
[Site "Yerevan ARM"]
[Date "2000.09.30"]
[Round "11.13"]
[White "Iliushin, Alexei"]
[Black "Arutinian, David"]
[Result "1/2-1/2"]
[WhiteElo "2509"]
[BlackElo "2309"]
[EventDate "2000.09.18"]
[PlyCount "77"]

1.d4 d5 2.c4 c6 3.Nf3 Nf6 4.cxd5 cxd5 5.Nc3 Nc6 6.Bf4 e6 7.e3 Be7 8.h3 O-O
9.Bd3 a6 10.Ne5 Nd7 11.Nxd7 Bxd7 12.Rc1 b5 13.O-O f5 14.Bh2 Qb6 15.Ne2 
Rac8 16.Bb1 Na5 17.Rxc8 Rxc8 18.b3 Nb7 19.g4 Nd6 20.gxf5 exf5 21.Nf4 Qc6 
22.f3 Nf7 23.Rf2 Bg5 24.Rc2 Qd6 25.Rxc8+ Bxc8 26.Qc2 Bd7 27.Qc5 Qxc5 28.
dxc5 Ne5 29.Kf2 Bxf4 30.Bxf4 Nc6 31.a3 g6 32.h4 Be6 33.b4 Kf7 34.Ke2 d4 
35.e4 Bc4+ 36.Kd2 Ke6 37.Bc7 Kd7 38.Bg3 Ke6 39.Bc7 1/2-1/2

[Event "39th World U20 ch"]
[Site "Yerevan ARM"]
[Date "2000.09.30"]
[Round "11.14"]
[White "Petrik, Tomas"]
[Black "Sargissian, Gabriel"]
[Result "1/2-1/2"]
[WhiteElo "2289"]
[BlackElo "2474"]
[EventDate "2000.09.18"]
[PlyCount "61"]

1.e4 c6 2.d4 d5 3.Nd2 dxe4 4.Nxe4 Nd7 5.Nf3 Ngf6 6.Nxf6+ Nxf6 7.c3 Bf5 8.
Qb3 Qc7 9.g3 e6 10.Bf4 Qb6 11.Bg2 Be4 12.O-O Be7 13.Rfe1 O-O 14.Be5 Bd5 
15.c4 Bxf3 16.Bxf3 Rfd8 17.Red1 Rd7 18.Rd3 Rad8 19.Qxb6 axb6 20.Rb3 Ra8 
21.Rxb6 Ra4 22.Rc1 Bd8 23.Rb3 Rxa2 24.Bxf6 gxf6 25.d5 cxd5 26.cxd5 exd5 
27.Rd1 d4 28.Rxb7 Rxb7 29.Bxb7 Bb6 30.Rd2 Kf8 31.Bd5 1/2-1/2

[Event "39th World U20 ch"]
[Site "Yerevan ARM"]
[Date "2000.09.30"]
[Round "11.15"]
[White "Fedorchuk, Sergei"]
[Black "Zhang Pengxiang"]
[Result "1/2-1/2"]
[WhiteElo "2408"]
[BlackElo "2525"]
[EventDate "2000.09.18"]
[PlyCount "124"]

1.e4 e6 2.d4 d5 3.Nd2 Nf6 4.e5 Nfd7 5.Bd3 c5 6.c3 Nc6 7.Ne2 cxd4 8.cxd4 f6
9.exf6 Qxf6 10.Nf3 h6 11.O-O Bd6 12.Be3 O-O 13.Bc2 Rf7 14.Ng3 Nf8 15.Qd2 
Bd7 16.Nh5 Qe7 17.Bf4 Bxf4 18.Nxf4 Qb4 19.Qe3 Qxb2 20.Rfc1 Qb4 21.Rab1 Qd6
22.Ne5 Nxe5 23.dxe5 Qa6 24.Bd3 Qa4 25.g3 Be8 26.a3 Qa5 27.Bf1 Rc7 28.Bh3 
Bd7 29.Rxc7 Qxc7 30.Rc1 Qd8 31.Ne2 b6 32.Nd4 Rc8 33.Rxc8 Qxc8 34.f4 Qc5 
35.Kf2 Kf7 36.Bg4 a5 37.Be2 Kg8 38.Bd3 Kh8 39.Be2 Ng6 40.Bg4 Qc8 41.Ne2 
Qb8 42.Nd4 Nf8 43.Qc3 Qc8 44.Qxc8 Bxc8 45.Nb5 Bd7 46.Nc7 g5 47.Ke3 gxf4+ 
48.gxf4 Kg7 49.Kd4 Kf7 50.f5 Ke7 51.fxe6 Nxe6+ 52.Bxe6 Bxe6 53.a4 Kd7 54.
Nxe6 Kxe6 55.h3 h5 56.h4 b5 57.axb5 a4 58.b6 a3 59.Kc3 d4+ 60.Kb3 d3 61.b7
d2 62.Kc2 a2 1/2-1/2

[Event "39th World U20 ch"]
[Site "Yerevan ARM"]
[Date "2000.09.30"]
[Round "11.16"]
[White "Senff, Martin"]
[Black "Halkias, Stelios"]
[Result "1-0"]
[WhiteElo "2354"]
[BlackElo "2502"]
[EventDate "2000.09.18"]
[PlyCount "57"]

1.e4 c5 2.Nf3 Nc6 3.d4 cxd4 4.Nxd4 Nf6 5.Nc3 e5 6.Ndb5 d6 7.Bg5 a6 8.Na3 
b5 9.Bxf6 gxf6 10.Nd5 Bg7 11.Bd3 Ne7 12.Nxe7 Qxe7 13.O-O f5 14.c4 O-O 15.
Qf3 bxc4 16.Nxc4 d5 17.exd5 e4 18.Qe3 Bb7 19.d6 Qf6 20.Bc2 f4 21.Qh3 Rac8 
22.b3 Qg6 23.Rad1 f5 24.d7 Rcd8 25.Rd6 Rf6 26.Rfd1 Qg5 27.b4 f3 28.Bb3 Kf8
29.Ne3 1-0

[Event "39th World U20 ch"]
[Site "Yerevan ARM"]
[Date "2000.09.30"]
[Round "11.19"]
[White "Fontaine, Robert"]
[Black "Gagunashvili, Merab"]
[Result "1/2-1/2"]
[WhiteElo "2449"]
[BlackElo "2321"]
[EventDate "2000.09.18"]
[PlyCount "55"]

1.e4 d6 2.d4 Nf6 3.Nc3 g6 4.Nf3 Bg7 5.Be3 O-O 6.Qd2 c6 7.Bd3 b5 8.Bh6 Bg4 
9.h4 Bxf3 10.gxf3 e5 11.dxe5 dxe5 12.h5 Nxh5 13.Ne2 Qf6 14.O-O-O Qxf3 15.
Rdg1 Nd7 16.Bxg7 Kxg7 17.Ng3 Nf4 18.Kb1 Kh8 19.Be2 Qxf2 20.Qxd7 Nxe2 21.
Qh3 Qxg1+ 22.Rxg1 Nxg1 23.Qf1 Rad8 24.Qxg1 Rd7 25.b3 f6 26.Kb2 h5 27.Nf1 
Kg7 28.Qc5 1/2-1/2

[Event "39th World U20 ch"]
[Site "Yerevan ARM"]
[Date "2000.09.30"]
[Round "11.20"]
[White "Goldenberg, Danny"]
[Black "Perelshteyn, Eugene"]
[Result "1/2-1/2"]
[WhiteElo "2310"]
[BlackElo "2424"]
[EventDate "2000.09.18"]
[PlyCount "75"]

1.e4 c5 2.Nf3 g6 3.d4 cxd4 4.Nxd4 Nc6 5.c4 Nf6 6.Nc3 d6 7.Nc2 Bg7 8.Be2 
O-O 9.O-O a6 10.Be3 Rb8 11.Rb1 Bd7 12.h3 b5 13.cxb5 axb5 14.b4 Ne5 15.Na3 
Qc8 16.Qd2 Qa6 17.f4 Qxa3 18.fxe5 Ne8 19.Rb3 Qa8 20.Nd5 Bxe5 21.Bh6 Ng7 
22.Nxe7+ Kh8 23.Rbf3 Be6 24.Qg5 f6 25.Nxg6+ hxg6 26.Qxg6 Qa7+ 27.Be3 Qf7 
28.Qh6+ Kg8 29.g4 Bc4 30.g5 Qh5 31.Bxc4+ bxc4 32.gxf6 Rb7 33.Kh1 Qxh6 34.
Bxh6 Ne6 35.Rg1+ Kh7 36.Bxf8 Nxf8 37.Rf5 Kh6 38.a3 1/2-1/2

[Event "39th World U20 ch"]
[Site "Yerevan ARM"]
[Date "2000.09.30"]
[Round "11.21"]
[White "Jakic, Ivan"]
[Black "Mateuta, Gabriel"]
[Result "0-1"]
[WhiteElo "2272"]
[BlackElo "2409"]
[EventDate "2000.09.18"]
[PlyCount "72"]

1.d4 Nf6 2.c4 e6 3.Nf3 d5 4.e3 Be7 5.Nc3 O-O 6.Bd3 dxc4 7.Bxc4 a6 8.O-O b5
9.Bd3 Bb7 10.a3 c5 11.dxc5 Bxc5 12.e4 Nbd7 13.Qe2 Qc7 14.Bg5 h6 15.Bd2 
Rfd8 16.b4 Bd6 17.Rac1 Qb8 18.Rfd1 Ng4 19.h3 Nge5 20.Bb1 Nc4 21.a4 Nxd2 
22.Nxd2 bxa4 23.Nc4 Bxb4 24.e5 Nf8 25.Nxa4 Rxd1+ 26.Qxd1 Qd8 27.Qb3 Qg5 
28.Ne3 a5 29.Rc7 Rb8 30.Qb2 Qd8 31.Rc4 Ba6 32.Rd4 Qc7 33.Ng4 h5 34.Nf6+ 
gxf6 35.exf6 Bc3 36.Qc2 Rb2 0-1

[Event "39th World U20 ch"]
[Site "Yerevan ARM"]
[Date "2000.09.30"]
[Round "11.22"]
[White "Kozhukharov, Spas"]
[Black "Kabanov, Nikolai"]
[Result "1/2-1/2"]
[WhiteElo "2196"]
[BlackElo "2385"]
[EventDate "2000.09.18"]
[PlyCount "114"]

1.e4 c5 2.Nf3 Nf6 3.e5 Nd5 4.b3 d6 5.Bb2 Nc6 6.g3 dxe5 7.Nxe5 Nxe5 8.Bxe5 
f6 9.Bb2 e5 10.Bg2 Be6 11.O-O Qd7 12.Na3 O-O-O 13.Qe2 Bh3 14.Nc4 h5 15.Bf3
Bg4 16.a3 Ne7 17.b4 Nc6 18.b5 Nd4 19.Bxd4 cxd4 20.d3 Bxf3 21.Qxf3 Qxb5 22.
Rfb1 Qd5 23.Qe2 Kc7 24.a4 b6 25.Rb5 Qc6 26.Rab1 Bc5 27.a5 Rb8 28.axb6+ 
axb6 29.h4 g6 30.R5b3 Rhe8 31.Qd2 Qf3 32.Qh6 Qf5 33.Nd2 Be7 34.Qh7 Qe6 35.
Qxg6 Rg8 36.Qxh5 f5 37.Nc4 Bc5 38.Qh7+ Kc6 39.Qa7 f4 40.Rxb6+ Bxb6 41.
Rxb6+ Rxb6 42.Qxb6+ Kd7 43.Qb7+ Ke8 44.Kg2 fxg3 45.fxg3 Kf8 46.Qc7 Qd5+ 
47.Kf2 Rg6 48.Qb8+ Kg7 49.Qc7+ Kf8 50.Qxe5 Qf7+ 51.Kg2 Re6 52.Qc5+ Kg8 53.
Qg5+ Kh8 54.Ne5 Qc7 55.Ng6+ Rxg6 56.Qxg6 Qxc2+ 57.Kh3 Qh2+ 1/2-1/2

[Event "39th World U20 ch"]
[Site "Yerevan ARM"]
[Date "2000.09.30"]
[Round "11.23"]
[White "Fernando, Diogo"]
[Black "Saric, Ibro"]
[Result "0-1"]
[WhiteElo "2257"]
[BlackElo "2345"]
[EventDate "2000.09.18"]
[PlyCount "82"]

1.e4 c5 2.Nf3 d6 3.d4 cxd4 4.Nxd4 Nf6 5.Nc3 a6 6.Bc4 e6 7.Bb3 b5 8.O-O b4 
9.Na4 Bd7 10.c3 Nc6 11.Re1 Rb8 12.f4 Na5 13.e5 Nxb3 14.axb3 dxe5 15.fxe5 
Nd5 16.c4 Nb6 17.Nxb6 Qxb6 18.Be3 Qc7 19.Rxa6 Qxe5 20.Ra7 Rc8 21.Nf3 Qd6 
22.Qxd6 Bxd6 23.Rd1 Bc7 24.Kf1 Bc6 25.Nd4 Be4 26.g3 O-O 27.Nb5 Bb8 28.Ra4 
Bc2 29.Rd4 e5 30.Rg4 f5 31.Rh4 f4 32.gxf4 Bxb3 33.Rxb4 Bxc4+ 34.Kf2 exf4 
35.Bd4 Rfd8 36.Bc3 Rd3 37.Nd4 Bd5 38.Rb5 Be4 39.Nf5 Ba7+ 40.Ke1 Re8 41.
Nxg7 Bf3+ 0-1

[Event "39th World U20 ch"]
[Site "Yerevan ARM"]
[Date "2000.09.30"]
[Round "11.24"]
[White "Felgaer, Ruben"]
[Black "Pridorozhny, Alexei"]
[Result "1-0"]
[WhiteElo "2390"]
[BlackElo "2396"]
[EventDate "2000.09.18"]
[PlyCount "77"]

1.e4 c5 2.Nf3 Nc6 3.Nc3 e6 4.d4 cxd4 5.Nxd4 Nf6 6.g3 d6 7.Bg2 a6 8.O-O Bd7
9.a4 Be7 10.Nb3 b6 11.f4 O-O 12.g4 d5 13.e5 Ne8 14.Kh1 f6 15.Nxd5 fxe5 16.
Nxb6 Ra7 17.Nxd7 Rxd7 18.Qe2 Qc7 19.c3 Nf6 20.Qc4 Nd5 21.f5 Rdd8 22.Bd2 e4
23.Bxe4 Qe5 24.Bf4 Nxf4 25.Bxc6 Nd5 26.Rae1 Ne3 27.Qf4 Qxf4 28.Rxf4 Bg5 
29.Rf3 exf5 30.Nd4 Rd6 31.gxf5 Nxf5 32.Nxf5 Rxc6 33.Rg1 Bd8 34.Rxg7+ Kh8 
35.Rd7 Rg6 36.Rh3 Kg8 37.Rg3 Rxg3 38.hxg3 Bg5 39.Rg7+ 1-0